000 00378 a2200169 4500
001 184742
020 _a85-08-02423-1
040 _cMagnum
100 _aBelinky, Tatiana
240 1 0 _aA operação do tio onofre
_lpor
245 1 0 _aA operação do tio onofre
300 _a24
362 0 _a2002
440 1 _aÁtica
697 _aLITERATURA INFANTO-JUVENIL
942 _cBK
999 _c184742
_d184742